Little republics Darling: socio-economic life and change in Haryana villages:socio-economic life and change in Haryana villages:reminiscences of a civil servant (Record no. 3957)

MARC details
000 -LEADER
fixed length control field 00669nam a2200193Ia 4500
020 ## - INTERNATIONAL STANDARD BOOK NUMBER
ISBN 81-7871-024-2
082 ## - DEWEY DECIMAL CLASSIFICATION NUMBER
Classification number 303.48254558 DAR-;
100 ## - MAIN ENTRY--AUTHOR NAME
Personal name Darling, Malcolm Lyall
245 #0 - TITLE STATEMENT
Title Little republics Darling: socio-economic life and change in Haryana villages:socio-economic life and change in Haryana villages:reminiscences of a civil servant
260 ## - PUBLICATION, DISTRIBUTION, ETC. (IMPRINT)
Place of publication Gurgaon
Name of publisher Hope India Publications
Year of publication 2004
300 ## - PHYSICAL DESCRIPTION
Number of Pages 123
440 ## - SERIES STATEMENT/ADDED ENTRY--TITLE
Title History Source Book Series
504 ## - BIBLIOGRAPHY, ETC. NOTE
Bibliography, etc includes bibliography
650 ## - SUBJECT ADDED ENTRY--TOPICAL TERM
Topical Term Rural development - Haryana
650 ## - SUBJECT ADDED ENTRY--TOPICAL TERM
Topical Term Haryana - Rural conditions
650 ## - SUBJECT ADDED ENTRY--TOPICAL TERM
Topical Term Rural development - Haryana
700 ## - ADDED ENTRY--PERSONAL NAME
Personal name Yadav, K.C.
942 ## - ADDED ENTRY ELEMENTS (KOHA)
Koha item type Books
Holdings
Withdrawn status Lost status Damaged status Not for loan Home library Current library Date acquired Source of acquisition Bill Date Full call number Accession Number Price effective from Koha item type
        NASSDOC Library NASSDOC Library 25/02/2005 GOVIND 2005-02-11 303.48254558 DAR-; 40352 18/04/2019 Books